[Event "Ch Paris (open) (B)"]
[Site "masterchessopen.com Paris (France)"]
[Round "6"]
[White "Bois Thierry (FRA)"]
[Black "Casalan Francois (FRA)"]
[Result "0-1"]
[WhiteElo "1979"]
[BlackElo "1989"]

1.d4 Nf6 2.c4 e6 3.Nf3 Bb4+ 4.Nbd2 d5 5.a3 Be7 6.e3 c6 7.Bd3 O-O 8.O-O Nbd7
9.c5 Qc7 10.Qc2 e5 11.dxe5 Nxe5 12.Nxe5 Qxe5 13.Nf3 Qh5 14.h3 Bxh3 15.gxh3
Qxf3 16.Kh2 Bd8 17.Bf5 Bc7+ 18.Kg1 g6 19.Bd3 Ng4 {#R} 0-1

[Event "Ch Slovakia (team) 2001/02 (1 liga) West"]
[Site "masterchessopen.com Slovakia"]
[Round "7"]
[White "Balogh Tomas (SVK)"]
[Black "Regec Stanislav (SVK)"]
[Result "1-0"]
[WhiteElo "2391"]
[BlackElo "2037"]

1.d4 Nf6 2.c4 e6 3.Nf3 Bb4+ 4.Bd2 Qe7 5.a3 Bxd2+ 6.Qxd2 b6 7.Nc3 Bb7 8.d5 O-O
9.Rd1 d6 10.g3 e5 11.e4 Nbd7 12.Bg2 Nc5 13.Qc2 a5 14.b4 axb4 15.axb4 Na6
16.Rb1 Qd7 17.O-O Qc8 18.Rfc1 {#r} 1-0

[Event "It (open) \"]
[Site "masterchessopen.com St. Petersburg (Russia)"]
[Round "2"]
[White "Zakharevich Igor (RUS)"]
[Black "Akimov Ivan (RUS)"]
[Result "1-0"]
[WhiteElo "2492"]
[BlackElo "2312"]

1.d4 Nf6 2.c4 e6 3.Nf3 Bb4+ 4.Bd2 Qe7 5.g3 Nc6 6.Nc3 Bxc3 7.Bxc3 Ne4 8.Rc1 O-O
9.d5 exd5 10.cxd5 Nb4 11.d6 Qxd6 12.Qxd6 {#r} 1-0

[Event "It (open)"]
[Site "masterchessopen.com Struga (Macedonia)"]
[Round "2"]
[White "Dancevski Orce (MKD)"]
[Black "Kizov Vladimir (MKD)"]
[Result "1-0"]
[WhiteElo "2437"]
[BlackElo "2200"]

1.d4 Nf6 2.c4 e6 3.Nf3 Bb4+ 4.Bd2 Qe7 5.Qc2 O-O 6.Nc3 h6 7.a3 Bxc3 8.Bxc3 a5
9.e4 d6 10.Be2 b6 11.O-O Bb7 12.Bd3 a4 13.Rae1 Nbd7 14.e5 dxe5 15.dxe5 Nh5
16.Bh7+ Kh8 17.Be4 Bxe4 18.Rxe4 g5 19.h4 Rg8 20.hxg5 hxg5 21.Rg4 Rg6 22.g3
{#r} 1-0

[Event "Ch Sweden (team) 2001/02"]
[Site "masterchessopen.com Sweden"]
[Round "7"]
[White "Nilsson Mattias (SWE)"]
[Black "Lyrberg Patrik (SWE)"]
[Result "1-0"]
[WhiteElo "2253"]
[BlackElo "2432"]

1.d4 Nf6 2.c4 e6 3.Nf3 Bb4+ 4.Nbd2 b6 5.a3 Bxd2+ 6.Bxd2 Bb7 7.Bg5 d6 8.e3 Nbd7
9.Be2 h6 10.Bxf6 Qxf6 11.O-O O-O 12.Qc2 a5 13.b4 Rfc8 14.c5 axb4 15.c6 {#r}
1-0

[Event "Ch Chess Club (open)"]
[Site "masterchessopen.com Tula (Russia)"]
[Round "3"]
[White "Goltsov Denis (RUS)"]
[Black "Bragiin Sergei I (RUS)"]
[Result "1-0"]
[WhiteElo "2304"]
[BlackElo "2070"]

1.d4 Nf6 2.c4 e6 3.Nf3 Bb4+ 4.Bd2 Qe7 5.g3 Bxd2+ 6.Qxd2 c5 7.Bg2 Nc6 8.O-O d6
9.Nc3 O-O 10.Rad1 e5 11.dxc5 dxc5 12.Nd5 Nxd5 13.cxd5 Nd4 14.b4 Bg4 15.bxc5
Bxf3 16.d6 Nxe2+ 17.Qxe2 Bxe2 18.dxe7 Rfe8 19.Bxb7 Rab8 20.Rd7 Bxf1 21.Kxf1 g6
22.c6 Kg7 23.Rd8 {#r} 1-0

[Event "It (open)"]
[Site "masterchessopen.com Tapolca (Hungary)"]
[Date "2002.01.12"]
[Round "9"]
[White "Pasztor Ferenc (HUN)"]
[Black "Bodrogi Mihaly (HUN)"]
[Result "1-0"]
[WhiteElo "2280"]
[BlackElo "2189"]

1.Nf3 Nf6 2.c4 e6 3.d4 Bb4+ 4.Nbd2 Ne4 5.a3 Nxd2 6.Bxd2 Bxd2+ 7.Qxd2 f5 8.Rg1
b6 9.g4 g6 10.gxf5 exf5 11.h4 Bb7 12.d5 Na6 13.h5 Qf6 14.Qe3+ Kf8 15.Qh6+ Kf7
16.O-O-O Rag8 17.Ng5+ Ke8 18.Nxh7 Qh4 19.e3 Qxh5 20.Qxh5 gxh5 21.Rxg8+ Rxg8
22.Nf6+ Kf7 23.Nxg8 Kxg8 {#r} 1-0

[Event "It (open)"]
[Site "masterchessopen.com Southend (England)"]
[Round "5"]
[White "Palliser Richard (ENG)"]
[Black "Broomfield Matthew (ENG)"]
[Result "1-0"]
[WhiteElo "2455"]
[BlackElo "2255"]

1.d4 Nf6 2.Nf3 e6 3.c4 Bb4+ 4.Nbd2 b6 5.a3 Bxd2+ 6.Bxd2 h6 7.e3 Bb7 8.Bd3 c5
9.dxc5 bxc5 10.Qc2 d6 11.Bc3 e5 12.Nd2 O-O 13.Ne4 Ne8 14.g4 Qh4 15.O-O-O Qxg4
16.Rhg1 Qe6 17.Ng3 Bf3 18.Be4 Qg4 19.Bxf3 Qxf3 20.Nf5 g6 21.Rg3 Qh5 22.Qe4 Nc7
23.Rxd6 {#r} 1-0

[Event "Memorial A.Alekhine"]
[Site "masterchessopen.com Rio de Janeiro (Brazil)"]
[Date "2002.05.24"]
[Round "6"]
[White "Sommer Lopes (LID)"]
[Black "Andrade Luciano Nilo (BRA)"]
[Result "1-0"]
[WhiteElo "2028"]
[BlackElo "2019"]

1.d4 Nf6 2.c4 e6 3.Nf3 Bb4+ 4.Bd2 Qe7 5.a3 Bxd2+ 6.Nbxd2 d5 7.e3 O-O 8.Rc1
Nbd7 9.cxd5 exd5 10.Rxc7 Qd6 11.Qc1 Ne4 12.Nxe4 dxe4 13.Nd2 Nf6 14.Qc5 Qd8
15.Bc4 Nd7 16.Qd6 Qg5 17.O-O Nf6 18.Rxf7 Be6 19.Rxf8+ Rxf8 20.Bxe6+ Rf7
21.Qd8+ {#r} 1-0

[Event "It (open)"]
[Site "masterchessopen.com Batumi (Georgia)"]
[Round "6"]
[White "Grigoryan Taron (ARM)"]
[Black "Adeishvili Nino (GEO)"]
[Result "0-1"]
[WhiteElo "1698"]
[BlackElo "2007"]

1.d4 Nf6 2.c4 e6 3.Nf3 Bb4+ 4.Bd2 Qe7 5.a3 Bxd2+ 6.Nbxd2 b6 7.g3 Bb7 8.Bg2 O-O
9.O-O d5 10.Qc2 Nbd7 11.Rac1 c5 12.Rfd1 Rac8 13.Qb1 Rfd8 14.Nh4 cxd4 15.cxd5
Bxd5 16.Bxd5 Nxd5 17.Nc4 Nc5 18.b4 Na4 19.Rxd4 Ndc3 20.Rxd8+ Qxd8 21.Rxc3 Nxc3
22.Qb3 Nxe2+ 23.Kf1 Nd4 {#R} 0-1

[Event "It (cat.4)"]
[Site "masterchessopen.com Budapest (Hungary)"]
[Round "9"]
[White "Husari Satea (SYR)"]
[Black "Ragger Markus (AUT)"]
[Result "1-0"]
[WhiteElo "2365"]
[BlackElo "2428"]

1.d4 Nf6 2.c4 e6 3.Nf3 Bb4+ 4.Bd2 c5 5.Nc3 O-O 6.e3 b6 7.Be2 Bb7 8.O-O d5
9.dxc5 Bxc5 10.cxd5 Nxd5 11.Nxd5 Bxd5 12.Bc3 Nd7 13.Qa4 Nf6 14.Rfd1 Qe7 15.Bd3
Bxf3 16.gxf3 Nd5 17.Be5 Nxe3 18.fxe3 Bxe3+ 19.Kh1 f5 20.Bc4 Rad8 21.Qc6 Qg5
22.Rg1 {#r} 1-0

[Event "Ch Pan-American Continental"]
[Site "masterchessopen.com Buenos Aires (Argentina)"]
[Round "3"]
[White "Sorin Ariel (ARG)"]
[Black "Tobares Leandro (ARG)"]
[Result "1-0"]
[WhiteElo "2509"]
[BlackElo "2260"]

1.d4 Nf6 2.c4 e6 3.Nf3 Bb4+ 4.Nbd2 d5 5.Qa4+ Nc6 6.e3 O-O 7.Bd3 Ne4 8.a3 Bxd2+
9.Bxd2 Nxd2 10.Nxd2 dxc4 11.Be4 Bd7 12.Qxc4 e5 13.dxe5 Nxe5 14.Qc3 Re8 15.Bxb7
Rb8 16.Be4 f5 17.Nf3 Qf6 18.Bd5+ Kh8 19.Nxe5 Qxe5 20.Qxe5 Rxe5 21.O-O-O g6
22.Rhe1 {#r} 1-0

[Event "It (open)"]
[Site "masterchessopen.com Buenos Aires (Argentina)"]
[Round "9"]
[White "Quiroga Facundo (ARG)"]
[Black "Giaccio Alfredo (ARG)"]
[Result "0-1"]
[WhiteElo "2348"]
[BlackElo "2467"]

1.d4 e6 2.Nf3 Nf6 3.c4 Bb4+ 4.Nbd2 d5 5.a3 Be7 6.e3 O-O 7.Bd3 c5 8.dxc5 a5
9.b3 Nbd7 10.Bb2 Nxc5 11.Bc2 Nfe4 12.cxd5 exd5 13.Nd4 Ra6 14.Ne2 Bg4 15.f3
Bh4+ 16.g3 Nxd2 17.Kxd2 Bxf3 18.gxh4 Ne4+ 19.Kc1 Bxh1 20.Qxh1 Qxh4 21.Kb1 Rc8
22.Nd4 a4 23.b4 Nd2+ {#R} 0-1

[Event "It (open)"]
[Site "masterchessopen.com Curasao (Netherlands)"]
[Round "1"]
[White "Shabalov Alexander (USA)"]
[Black "Neumann Han H W M (AHO)"]
[Result "1-0"]
[WhiteElo "2608"]
[BlackElo "2133"]

1.d4 Nf6 2.c4 e6 3.Nf3 Bb4+ 4.Nbd2 b6 5.a3 Be7 6.e4 Bb7 7.Qc2 d6 8.Bd3 Nbd7
9.O-O e5 10.b4 exd4 11.Nxd4 Ng4 12.Bb2 Bf6 13.Be2 Nge5 14.Nf5 g5 15.Rad1 Ng6
16.c5 bxc5 17.Bb5 {#r} 1-0

[Event "Ch Europe (w)"]
[Site "masterchessopen.com Istanbul (Turkey)"]
[Round "6"]
[White "Sharevich Anna (BLR)"]
[Black "Ciuksyte Dagne (ENG)"]
[Result "1-0"]
[WhiteElo "2266"]
[BlackElo "2361"]

1.d4 Nf6 2.c4 e6 3.Nf3 Bb4+ 4.Bd2 a5 5.g3 d6 6.Bg2 Nbd7 7.Qc2 e5 8.dxe5 Nxe5
9.Nxe5 dxe5 10.O-O O-O 11.Bc3 Qe7 12.e4 Rd8 13.Nd2 Bg4 14.Rfe1 Bxc3 15.Qxc3
Qb4 16.Qxb4 axb4 17.Bf1 c6 18.f4 Be6 19.b3 g6 20.Re2 Rd3 21.f5 Bd7 {#r} 1-0

[Event "It \"]
[Site "masterchessopen.com Krasnodar (Russia)"]
[Round "0"]
[White "Shapar S (RUS)"]
[Black "Kalinina Vladislava (UKR)"]
[Result "1-0"]
[WhiteElo "2145"]
[BlackElo "2259"]

1.d4 Nf6 2.Nf3 e6 3.c4 Bb4+ 4.Bd2 Qe7 5.g3 O-O 6.Bg2 Bxd2+ 7.Qxd2 d6 8.O-O e5
9.Nc3 a5 10.Rac1 Na6 11.c5 exd4 12.cxd6 Qxd6 13.Qxd4 Qe7 14.Qh4 Re8 15.Rfd1
Bd7 16.e4 Be6 17.e5 Nd7 18.Ng5 Bf5 19.Bxb7 Ra7 20.Bd5 Nxe5 21.Re1 Nb4 22.Bxf7+
Qxf7 23.Rxe5 Qf8 24.Qc4+ {#r} 1-0

[Event "It (open)"]
[Site "masterchessopen.com Leuven (Belgium)"]
[Round "5"]
[White "Epishin Vladimir (GER)"]
[Black "Antonio Rogelio Jr (PHI)"]
[Result "1-0"]
[WhiteElo "2599"]
[BlackElo "2524"]

1.d4 Nf6 2.c4 e6 3.Nf3 Bb4+ 4.Bd2 Qe7 5.g3 Nc6 6.Nc3 O-O 7.Bg2 d6 8.O-O Bxc3
9.Bxc3 Ne4 10.Qc2 Nxc3 11.Qxc3 a5 12.d5 Nd8 13.dxe6 Nxe6 14.Rfe1 Bd7 15.e4 Bc6
16.Re2 Rfe8 17.Rae1 Qf8 18.h4 f6 19.Nd2 Nc5 20.b3 Qf7 21.Qc2 Ne6 {#r} 1-0

[Event "It (open)"]
[Site "masterchessopen.com Leuven (Belgium)"]
[Round "2"]
[White "Mattheys Eddy (BEL)"]
[Black "Bagaturov Giorgi (GEO)"]
[Result "0-1"]
[WhiteElo "1994"]
[BlackElo "2451"]

1.d4 Nf6 2.c4 e6 3.Nf3 Bb4+ 4.Bd2 Qe7 5.Nc3 O-O 6.e3 d6 7.Bd3 e5 8.dxe5 dxe5
9.Be2 e4 10.Nd4 c6 11.a3 Bd6 12.b4 Rd8 13.Qc2 Qe5 14.b5 Re8 15.bxc6 bxc6 16.f4
exf3 17.Nxf3 Qe7 18.a4 Na6 19.Na2 Ne4 20.Ba5 Bc5 21.Qd3 Bf5 {#R} 0-1

[Event "Ch Portugal (team)"]
[Site "masterchessopen.com Lisbon (Portugal)"]
[Round "1"]
[White "Guerra Victor (POR)"]
[Black "Spraggett Kevin (CAN)"]
[Result "0-1"]
[WhiteElo "2249"]
[BlackElo "2589"]

1.d4 Nf6 2.c4 e6 3.Nf3 Bb4+ 4.Bd2 a5 5.Qc2 d6 6.g3 Nbd7 7.Bg2 e5 8.O-O O-O
9.Nc3 c6 10.dxe5 dxe5 11.Rfd1 Qc7 12.a3 Be7 13.Rab1 Re8 14.Na4 b6 15.h3 g6
16.Be3 Nc5 17.Nxb6 Qxb6 18.b4 axb4 19.axb4 Bf5 20.bxc5 Qa5 21.Qb2 Bxb1 22.Nxe5
Be4 23.Nxc6 Qa4 {#R} 0-1

[Event "Ch Portugal (team)"]
[Site "masterchessopen.com Lisbon (Portugal)"]
[Round "2"]
[White "Pinheiro Jose (POR)"]
[Black "Galego Luis (POR)"]
[Result "0-1"]
[WhiteElo "2310"]
[BlackElo "2515"]

1.d4 Nf6 2.Nf3 e6 3.c4 Bb4+ 4.Bd2 c5 5.Bxb4 cxb4 6.g3 O-O 7.Bg2 d6 8.Nbd2 Qe7
9.O-O e5 10.Qb3 a5 11.a3 Na6 12.h3 Bf5 13.c5 e4 14.cxd6 Qxd6 15.Nh4 Qxd4
16.Rfd1 Be6 17.Nxe4 Qxe4 {#R} 0-1

[Event "It (open)"]
[Site "masterchessopen.com Senden (Germany)"]
[Round "3"]
[White "Farago Ivan (HUN)"]
[Black "Molinaroli Martin (GER)"]
[Result "1-0"]
[WhiteElo "2455"]
[BlackElo "2237"]

1.d4 Nf6 2.c4 e6 3.Nf3 Bb4+ 4.Bd2 Qe7 5.g3 Nc6 6.Nc3 Bxc3 7.Bxc3 Ne4 8.Rc1 O-O
9.Bg2 d6 10.d5 Nxc3 11.Rxc3 Ne5 12.Nd4 Bd7 13.O-O Rfd8 14.f4 Ng6 15.dxe6 fxe6
16.Re3 Nf8 17.Qd2 c6 18.Nf5 {#r} 1-0

[Event "It"]
[Site "masterchessopen.com Serpukhov (Russia)"]
[Round "8"]
[White "Panush Viktor (MDA)"]
[Black "Vilchenkov Nikolay (RUS)"]
[Result "0-1"]
[WhiteElo "2219"]
[BlackElo "2283"]

1.d4 Nf6 2.c4 e6 3.Nf3 Bb4+ 4.Bd2 d5 5.e3 O-O 6.Bc3 Be7 7.Bd3 b6 8.cxd5 exd5
9.Ne5 c5 10.Nf3 Ne4 11.dxc5 bxc5 12.O-O Bb7 13.Nfd2 Qc7 14.Nf3 Bf6 15.Qc2 Re8
{#R} 0-1

[Event "It (b)"]
[Site "masterchessopen.com Serpukhov (Russia)"]
[Round "8"]
[White "Guseva Olga (RUS)"]
[Black "Kublashvili Etery (RUS)"]
[Result "1-0"]
[WhiteElo "2232"]
[BlackElo "2076"]

1.d4 Nf6 2.c4 e6 3.Nf3 Bb4+ 4.Nbd2 c5 5.a3 Bxd2+ 6.Bxd2 cxd4 7.Nxd4 b6 8.Nb5
Nc6 9.Nd6+ Kf8 10.Bg5 h6 11.Bh4 g5 12.Bg3 Ne8 13.Nxc8 Rxc8 14.e3 Nf6 15.Bd6+
Kg8 16.Bd3 Ne8 17.Bg3 d5 18.O-O Nf6 19.cxd5 Nxd5 20.Ba6 Qd7 21.e4 {#r} 1-0

[Event "It (open)"]
[Site "masterchessopen.com Szombathely (Hungary)"]
[Round "1"]
[White "Horvath Peter_ (HUN)"]
[Black "Merenyi Gabor (HUN)"]
[Result "1-0"]
[WhiteElo "2477"]
[BlackElo "2094"]

1.d4 Nf6 2.c4 e6 3.Nf3 Bb4+ 4.Bd2 c5 5.Bxb4 cxb4 6.Qd3 d5 7.Nbd2 Nc6 8.g3 b6
9.Bg2 Ba6 10.O-O Na5 11.b3 Rc8 12.Ne5 Nd7 13.Qe3 dxc4 14.Nexc4 Bxc4 15.Nxc4
Nxc4 16.bxc4 Rxc4 17.d5 Rc5 18.dxe6 fxe6 19.Qxe6+ Qe7 20.Qb3 a5 21.Rad1 Rf8
22.Rd3 {#r} 1-0

[Event "Tournament"]
[Site "masterchessopen.com Unterkochen (Germany)"]
[Round "4"]
[White "Raff Andreas (GER)"]
[Black "Hallmann Norbert (GER)"]
[Result "0-1"]
[WhiteElo "2151"]
[BlackElo "2175"]

1.d4 Nf6 2.c4 e6 3.Nf3 Bb4+ 4.Bd2 c5 5.Bxb4 cxb4 6.Nbd2 O-O 7.e4 d5 8.cxd5
exd5 9.e5 Ne4 10.Bd3 Bf5 11.Qe2 Nxd2 12.Qxd2 Be4 13.Rd1 Nc6 14.Qf4 b3 15.axb3
Qa5+ 16.Ke2 Bxd3+ 17.Rxd3 Nb4 18.Rc3 Qa6+ 19.Kd2 Qa2 20.Ne1 Qxb2+ 21.Nc2 Rac8
{#R} 0-1

[Event "Ch Poland (team) (1 liga)"]
[Site "masterchessopen.com Ustron (Poland)"]
[Round "0"]
[White "Staniszewski Piotr (POL)"]
[Black "Grycel Kamil (POL)"]
[Result "1-0"]
[WhiteElo "2428"]
[BlackElo "2263"]

1.d4 Nf6 2.c4 e6 3.Nf3 Bb4+ 4.Bd2 a5 5.g3 d5 6.Qc2 c5 7.Bg2 cxd4 8.cxd5 Nxd5
9.Nxd4 O-O 10.O-O Qb6 11.Nf3 Nc6 12.e4 Nde7 13.Be3 Qa6 14.Rd1 Ng6 15.Bf1 b5
16.Nc3 Bxc3 17.Qxc3 Qb7 18.Qc5 Nb4 19.Nd4 Bd7 20.Nxb5 Na6 21.Qb6 {#r} 1-0

[Event "It (open)"]
[Site "masterchessopen.com Winterthur (Switzerland)"]
[Round "3"]
[White "Baer Soeren (GER)"]
[Black "Leutwyler Martin (SUI)"]
[Result "0-1"]
[WhiteElo "2096"]
[BlackElo "2168"]

1.d4 Nf6 2.c4 e6 3.Nf3 Bb4+ 4.Bd2 Qe7 5.Qc2 Bxd2+ 6.Nbxd2 d6 7.e4 e5 8.d5 a5
9.Be2 O-O 10.O-O-O c6 11.Bd3 Na6 12.h3 Bd7 13.g4 Rfc8 14.Kb1 b5 15.b3 cxd5
16.g5 Nb4 17.gxf6 Qxf6 18.Qb2 Nxd3 19.Qc3 Nxf2 {#R} 0-1

[Event "It (open) (seniors)"]
[Site "masterchessopen.com Schwabisch Gmund (Germany)"]
[Round "0"]
[White "Delander Adolf (GER)"]
[Black "Tochtermann Georg Dr (GER)"]
[Result "1-0"]
[WhiteElo "2151"]
[BlackElo "2008"]

1.d4 Nf6 2.Nf3 e6 3.c4 Bb4+ 4.Bd2 a5 5.e3 b6 6.Bd3 Bb7 7.a3 Bxd2+ 8.Nbxd2 d6
9.O-O Nbd7 10.Qc2 O-O 11.b4 Qe7 12.e4 Rfc8 13.e5 dxe5 14.dxe5 Ng4 15.Bxh7+ Kf8
16.Be4 c6 17.Qc3 f5 18.exf6 Ndxf6 19.Ng5 Nxe4 20.Ndxe4 Nf6 21.Qh3 {#r} 1-0

[Event "Bundesliga (2nd) North 2002/03"]
[Site "masterchessopen.com Germany"]
[Date "2003.03.30"]
[Round "9"]
[White "Schulz Joern (GER)"]
[Black "Schulenburg Bernd (GER)"]
[Result "1-0"]
[WhiteElo "2279"]
[BlackElo "2220"]

1.d4 Nf6 2.c4 e6 3.Nf3 Bb4+ 4.Nbd2 b6 5.a3 Be7 6.e4 Bb7 7.Bd3 d5 8.cxd5 exd5
9.e5 Ne4 10.Qc2 Nxd2 11.Bxd2 g6 12.b4 c6 13.h4 a6 14.h5 Kd7 15.e6+ Kxe6 16.g4
Bd6 17.Bf5+ Ke7 18.Bg5+ f6 19.Qe2+ {#r} 1-0

[Event "Ch Rheinland (MAT-A)"]
[Site "masterchessopen.com Koblenz (Germany)"]
[Date "2003.04.12"]
[Round "3"]
[White "Braemigk Uwe (GER)"]
[Black "Heidorn Oliver (GER)"]
[Result "0-1"]
[WhiteElo "2071"]
[BlackElo "2111"]

1.d4 Nf6 2.Nf3 e6 3.c4 Bb4+ 4.Bd2 Qe7 5.Nc3 O-O 6.Qc2 d5 7.e3 b6 8.cxd5 exd5
9.Bd3 c5 10.O-O Nc6 11.Rfe1 Bg4 12.dxc5 bxc5 13.a3 Ba5 14.Qa4 Bxc3 15.Bxc3
Bxf3 16.gxf3 Ne5 17.Be2 Rfe8 18.Red1 c4 19.Qc2 Qe6 20.f4 Neg4 21.f5 Qd6
22.Bxg4 Nxg4 23.Bd4 Qxh2+ 24.Kf1 Nxe3+ {#R} 0-1

[Event "It (b)"]
[Site "masterchessopen.com Balatonlelle (Hungary)"]
[Date "2003.06.24"]
[Round "4"]
[White "Kiss Pal (HUN)"]
[Black "Titz Heimo (AUT)"]
[Result "1-0"]
[WhiteElo "2394"]
[BlackElo "2191"]

1.d4 Nf6 2.c4 e6 3.Nf3 Bb4+ 4.Bd2 a5 5.g3 O-O 6.Bg2 d5 7.Qc2 b6 8.O-O Bb7
9.Ne5 Nbd7 10.Bg5 Be7 11.Nc3 c5 12.cxd5 Nxe5 13.Bxf6 gxf6 14.dxe5 exd5 15.Rad1
Qc7 16.Bxd5 Rad8 17.Qf5 Bc8 18.e6 Kg7 19.Be4 Rh8 20.Nd5 Qd6 21.Qg4+ Kf8 22.Ne3
Qe5 23.Rxd8+ Bxd8 24.e7+ {#r} 1-0

[Event "It (open) (b)"]
[Site "masterchessopen.com Brno (Czech Republic)"]
[Date "2003.06.29"]
[Round "2"]
[White "Vesely Pavel"]
[Black "Vasiliev Sergey (RUS)"]
[Result "1-0"]
[WhiteElo "1677"]
[BlackElo "1785"]

1.d4 Nf6 2.Nf3 e6 3.c4 Bb4+ 4.Nbd2 a6 5.Qc2 c5 6.e3 Nc6 7.Bd3 Qb6 8.dxc5 Bxc5
9.O-O d5 10.a3 Ng4 11.Nb3 dxc4 12.Bxc4 Bd6 13.Bd2 Qc7 14.g3 b5 15.Be2 Bb7
16.Rac1 Rc8 17.Nbd4 Qb8 18.Qb3 Ke7 19.Nxe6 fxe6 20.Ng5 Kf6 21.Qxe6+ Kxg5
22.h4+ {#r} 1-0

[Event "It (open)"]
[Site "masterchessopen.com Kiel (Germany)"]
[Date "2003.08.01"]
[Round "9"]
[White "Joppien Arne (GER)"]
[Black "Kim Oi-Sin (GER)"]
[Result "1-0"]
[WhiteElo "2081"]
[BlackElo "2056"]

1.d4 Nf6 2.c4 e6 3.Nf3 Bb4+ 4.Bd2 Bxd2+ 5.Nbxd2 d5 6.e3 O-O 7.Be2 dxc4 8.Nxc4
b6 9.O-O Bb7 10.Rc1 Nbd7 11.b4 Qe7 12.Qb3 Bd5 13.b5 c5 14.bxc6 Nb8 15.Nfe5 Ne4
16.Qa4 f6 17.Nxb6 fxe5 18.Nxa8 Bxc6 19.Rxc6 {#r} 1-0

[Event "Ch Slovakia (team) 2003/04 (1 liga) West"]
[Site "masterchessopen.com Slovakia"]
[Round "8"]
[White "Jablonicky Frantisek (SVK)"]
[Black "Diviak Rudolf (SVK)"]
[Result "1-0"]
[WhiteElo "2181"]
[BlackElo "1974"]

1.d4 Nf6 2.c4 e6 3.Nf3 Bb4+ 4.Bd2 Bxd2+ 5.Nbxd2 d5 6.e3 O-O 7.Bd3 Nbd7 8.O-O
c5 9.cxd5 exd5 10.b3 cxd4 11.exd4 Re8 12.Re1 Rxe1+ 13.Qxe1 Nf8 14.Nf1 Ne6
15.Qe5 Bd7 16.Ne3 Qc7 17.Nxd5 Nxd5 18.Qxd5 Nf4 19.Qe4 f5 20.Qe3 Qc3 21.Bc4+
{#r} 1-0

[Event "Bundesliga 2003/04"]
[Site "masterchessopen.com Germany"]
[Date "2004.02.15"]
[Round "9"]
[White "Hertneck Gerald (GER)"]
[Black "Schwarz Michael (AUT)"]
[Result "1-0"]
[WhiteElo "2552"]
[BlackElo "2408"]

{ Hertneck Gerald (GER) +8 =5 -3 Schwarz Michael (AUT) +1 =1 -2 } 1.Nf3 { 1 }
1...Nf6 2.c4 e6 3.d4 Bb4+ 4.Nbd2 ( 4.Bd2 a5 5.g3 d6 6.Bg2 Nbd7 7.O-O e5 8.Nc3
O-O 9.e3 e4 10.Ne1 Qe7 11.Ne2 Nb6 12.b3 Bg4 13.h3 Bxe2 14.Qxe2 d5 15.Bxb4 axb4
16.c5 Nbd7 17.Nc2 b6 18.cxb6 c5 19.Qb5 cxd4 20.b7 Rab8 21.exd4 Ne8 22.Nxb4 Nd6
23.Qxd5 Rxb7 { ...1-0, Hertneck Gerald 2536 - Zelcic Robert 2524 , Schwarzach
2003 It (open) } ) 4...d5 ( 4...O-O 5.a3 Bxd2+ 6.Qxd2 b6 7.g3 Ba6 8.Qc2 Nc6
9.e4 d6 10.Bd3 d5 11.e5 Ne4 12.O-O f5 13.Be3 Na5 14.b3 Rc8 15.c5 Bxd3 16.Qxd3
g5 17.Bd2 Nc6 18.b4 f4 19.Ne1 fxg3 20.hxg3 Rf5 21.g4 Rf7 22.Be3 Ne7 23.f3 Ng3
24.Rf2 { ...1-0, Petronic Jovan 2401 - Schwarz Michael 2315 , Budapest 1991 It
"CANSYS" (b) } ) 5.Qa4+ Nc6 6.e3 O-O { ?/= } ( 6...Bd7 7.Qc2 O-O 8.a3 Bxd2+
9.Bxd2 Ne4 10.Bd3 f5 11.O-O Be8 12.b4 Bh5 13.Ne1 a6 14.Bc1 Ne7 15.f3 Nd6 16.c5
Nf7 17.Bd2 g5 18.Bc3 g4 19.f4 b5 20.cxb6 cxb6 21.Qe2 Qc8 22.Bb2 Nd6 23.a4 Qb7
24.h3 Ne4 25.Bxe4 dxe4 26.d5 { ...0-1, Meister Yakov 2488 - Maksimovic
Branimir 2408 , Cheliabinsk 1990 It (a) } ) 7.Be2 ( 7.a3 Be7 8.b4 a6 9.Qc2
dxc4 10.Bxc4 Bd6 11.Bb2 Qe7 12.Ne5 Nb8 13.Be2 Bd7 14.Bf3 a5 15.Nxd7 Qxd7
16.bxa5 Rxa5 17.O-O Ra7 18.Nc4 Be7 19.Rfc1 c6 20.a4 Qc7 21.a5 Nbd7 22.Qb3 Rb8
23.g3 Qd8 24.Rab1 Ne8 25.Bc3 Nd6 26.Bd2 Nxc4 { ...1/2-1/2, Epishin Vladimir
2640 - Adams Michael 2660 , Ter Apel 1995 It } ) 7...Ne4 ( 7...Bd7 { } ) 8.O-O
Bd7 { N } ( 8...f5 9.cxd5 { } ( 9.Nxe4 fxe4 10.Ne5 Nxe5 11.dxe5 a5 12.a3 Bc5
13.b4 Bd7 14.Qc2 axb4 15.cxd5 Qe7 16.Bc4 bxa3 17.Qxe4 Ra4 18.Qd3 exd5 19.Bxd5+
Kh8 20.Bxb7 c6 21.e6 Bxe6 22.Bxc6 Rh4 23.g3 Bc4 24.Qd7 Qf6 25.Bxa3 Rh5 26.Bxc5
Rxc5 27.Bg2 Bxf1 28.Rxf1 { ...1/2-1/2, Bjornsson Bjorn Freyr 2225 - Arnason
Throstur 2295 , Reykjavik 1994 It (open) } ) ) 9.Qc2 f5 10.Qb3 Be8 11.cxd5
exd5 12.a3 Be7 13.Qxb7 Rf6 14.Qb3 Rb8 15.Qc2 Bd6 16.b4 Rh6 17.g3 Rb6 18.Bb2
Qe7 19.Rac1 f4 20.Nxe4 dxe4 21.Ne5 {#r} 1-0